| 000 | 01179nam a2200205Ia 4500 | ||
|---|---|---|---|
| 999 |
_c8860 _d8860 |
||
| 005 | 20230811085737.0 | ||
| 008 | 230809s9999 xx 000 0 und d | ||
| 020 | _a978-607481157-5 | ||
| 040 |
_aUPAN _cBiblioteca San Vicente _eRCAA2 |
||
| 041 | _aspa | ||
| 082 |
_a657.32 _bM393a _c2010 |
||
| 100 |
_aMayes R. Timothy _4aut. |
||
| 245 | 0 |
_aAnálisis financiero con Microsoft Excel/ _cTimothy R. Mayes, Todd M. Shank |
|
| 250 | _a5ª ed | ||
| 260 |
_aMéxico: _bCENGAGE, _c2010 |
||
| 300 |
_a460 p.; _c27 cm. |
||
| 505 | _a1.Introduccion a Excel 2007 2. Los estados financieros básicos 3. El presupuesto efectivo 4. Herramientas de análisis de un estado financiero 5. Elaboración de pronósticos financieros 6. Análisis del punto de equilibrio y del apalancamiento 7. El valor del dinero en el tiempo 8. Valuación de acciones comunes 9. Valuación de obligaciones 10. El costo capital 11. La preparación del presupuesto de capital 12. Riesgo y presupuesto del capital 13. Estadísticas de la cartera de valores y de versificación 14. Para escribir funciones con VBA definidos por el usuario | ||
| 650 |
_2LEMB _xAnálisis financiero |
||
| 942 |
_cBK _2ddc |
||